000 00372nam a2200157 a 4500
001 7746
005 20180713191640.0
008 140415s1970 sp 000 0 spa d
041 _aspa
082 _a301
_bCUE
245 0 0 _aCUESTIONES DE SOCIOLOGIA
250 _a1a ed.
260 _aESPAÑA :
_bHERDER,
_c1970
300 _a1548
650 1 4 _aSOCIOLOGIA
999 _c7746
_d7746